[Event "Astrakhan FIDE GP"]
[Site "Astrakhan"]
[Date "2010.05.22"]
[Round "11"]
[White "Ponomariov, Ruslan"]
[Black "Gashimov, Vugar"]
[Result "1-0"]
[WhiteElo "2733"]
[BlackElo "2734"]
[Annotator "Krasenkow,M"]
[PlyCount "93"]
[EventDate "2010.05.10"]
[EventType "tourn"]
[EventRounds "13"]
[EventCountry "RUS"]
[EventCategory "20"]
[SourceTitle "CBM 137"]
[Source "ChessBase"]
[SourceDate "2010.07.15"]
[SourceVersion "1"]
[SourceVersionDate "2010.07.15"]
[SourceQuality "1"]

1. d4 Nf6 2. c4 e6 3. Nf3 c5 4. g3 cxd4 5. Nxd4 Bb4+ 6. Nc3 Ne4 7. Qd3 Nxc3 8.
bxc3 Be7 {About this system - see Nakamura - Karjakin in CBM 135.} 9. Bf4 (9.
Bg2 {and}) (9. Nb5 {are more common continuations.}) 9... d6 (9... a6 $5) 10.
Nb5 e5 11. c5 $5 $146 {[%mdl 8]} (11. Be3 a6 (11... Be6 $5 12. Nxa7 (12. Bxa7
Nc6 13. Be3 Ra4) 12... f5 $1 $132 {[%cal Re5e4]}) 12. Na7 Bd7 13. Bg2 (13. Rb1
$1 Nc6 14. Rxb7 $16) 13... Nc6 14. Nxc6 Bxc6 15. Bxc6+ bxc6 16. O-O O-O 17.
Rab1 Qc7 $11 {1/2 Mastrovasilis,A (2510)-Fedorchuk,S (2641)/Cappelle la Grande
FRA 2010/The Week in Chess 797 (95)}) 11... exf4 12. cxd6 O-O 13. dxe7 Qxe7 14.
Bg2 $14 {[%csl Gg2]} Rd8 15. Nd4 Qc7 16. O-O fxg3 17. hxg3 Nc6 18. Rab1 Bd7 19.
Rfd1 Na5 20. Be4 g6 21. Qf3 Bc6 22. Nxc6 Rxd1+ 23. Rxd1 Nxc6 24. Bd5 {[%mdl 32]
A typical open position, in which the white bishop is stronger than the black
knight.} Re8 25. c4 Qe7 26. Kg2 h5 27. Rd3 Kg7 (27... Ne5 28. Qe4 $1 {[%cal
Rd3e3]}) 28. Qf4 Rf8 29. Re3 Qd7 30. a3 Qd8 ({Black misses a chance to play} 
30... b6 {depriving White of a crucial target (the b7-pawn).}) 31. Rb3 Qd7 32.
e4 Qe7 $2 {This minor mistake proves decisive!} (32... b6 {was too late due to}
33. e5 {[%cal Rf4f6]} Nd8 34. Qf6+ Kh6 35. a4 $1 Re8 (35... Qxa4 36. e6 $1 Nxe6
37. Rf3 Nd8 38. Rf5 $1 $18 {[%cal Rf5h5]}) 36. a5 bxa5 37. Rb8 $18) (32... f6
$142 $1 33. c5 {[%csl Rb7]} Rd8 $14 {[%cal Yd7e7,Yd8d7]}) 33. Qd2 $1 Kh7 34.
Qb2 Nd8 (34... Na5 35. Rb5 b6 36. c5 $1 $18) 35. Rf3 Nc6 36. e5 $1 a5 {
Desperation.} (36... Nxe5 37. Re3 f6 38. f4 Qc5 39. Qxb7+ Kh6 40. Qb4 $1 Nd7
41. Re7 $16) 37. e6 $1 f5 {[%csl Ge6]} (37... fxe6 38. Rxf8 Qxf8 39. Qxb7+ Ne7
40. Bxe6 $18) 38. Qb6 {White's position is strategically winning. Black can't
both stop White's e-pawn and protect his own ruined queenside. But,
interestingly, the game is decided with a kingside attack!} Re8 39. Re3 Rc8 40.
Rd3 Kg8 41. Qe3 $1 {[%cal Re3h6]} g5 (41... Kh7 42. Bxc6 Rxc6 43. Rd7 $18) 42.
Bxc6 bxc6 43. Rd7 Qf6 44. Rf7 Qg6 45. Qe5 f4 46. Rf5 f3+ 47. Kh2 1-0

[Event "Astrakhan FIDE GP"]
[Site "Astrakhan"]
[Date "2010.05.23"]
[Round "12"]
[White "Wang, Yue"]
[Black "Ponomariov, Ruslan"]
[Result "1/2-1/2"]
[WhiteElo "2752"]
[BlackElo "2733"]
[Annotator "Marin,M"]
[PlyCount "87"]
[EventDate "2010.05.10"]
[EventType "tourn"]
[EventRounds "13"]
[EventCountry "RUS"]
[EventCategory "20"]
[SourceTitle "CBM 137"]
[Source "ChessBase"]
[SourceDate "2010.07.15"]
[SourceVersion "1"]
[SourceVersionDate "2010.07.15"]
[SourceQuality "1"]

1. d4 Nf6 2. c4 g6 3. g3 Bg7 4. Bg2 d5 5. cxd5 Nxd5 6. e4 Nb6 7. Ne2 O-O 8. O-O
c5 {In the Gruenfeld Indian, Black is supposed to submit the d4-pawn to strong
pressure as soon as possible. In the current position, this can be achieved
with either the text move or 8...Nc6 or 8...e5. A more flexible approach is
also possible, though.} (8... e6 $5 {[%cal Gb8c6] Donner,J-Smyslov,V/Havana
1967/MCD (0-1, 23)}) (8... a5 $5) 9. dxc5 $5 {A rare continuation.} ({The main
line goes} 9. d5 {This position has been repeatedly met in the 2009 match
between Kasparov and Karpov. The general feeling was that Kasparov did not
quite solve his opening problems, but later his pupil Carlsen also used this
variation. In Leko,P (2762)-Carlsen,M (2772)/Nanjing 2009/CBM 133 (1/2, 64),
he also faced some problems, though.}) 9... N6d7 10. Qc2 Na6 $146 (10... Nc6
11. Be3 Nde5 12. Nbc3 Qd3 13. Qxd3 Nxd3 14. b3 $16 {Hort,V (2545)-Gutman,L 
(2485)/Dortmund 1985/MCL (1-0, 36)}) 11. Rd1 (11. c6 $5 bxc6 12. Qxc6 Rb8 13.
Nbc3 $14 {Hort}) 11... Qa5 12. Nbc3 Nb4 13. Qb1 Nxc5 14. Be3 Na4 15. a3 Nxc3
16. Nxc3 Nc6 17. Rd5 Qc7 18. Qc2 Be6 19. Rc5 Rfc8 20. Rd1 $14 {The structure
is almost symmetrical, but White has space advantage in the centre and very
active pieces.} Bxc3 21. Rxc3 Rd8 22. f4 Rxd1+ 23. Qxd1 Rd8 24. Rd3 Rxd3 25.
Qxd3 f6 26. b4 a6 27. Bf1 Kf8 28. Kf2 Ke8 29. Be2 Nd8 30. a4 Nf7 31. a5 Qc8 32.
Bc5 Bg4 33. Bf1 Bh3 34. Be2 Bg4 35. Bxg4 Qxg4 36. Ke3 g5 37. Qf1 Qe6 38. Qe2
gxf4+ 39. gxf4 Qh3+ 40. Qf3 Qe6 41. Qd1 Qh3+ 42. Qf3 Qe6 43. Qd1 Qh3+ 44. Qf3
1/2-1/2

[Event "Bazna Kings 4th"]
[Site "Medias"]
[Date "2010.06.15"]
[Round "2"]
[White "Wang, Yue"]
[Black "Ponomariov, Ruslan"]
[Result "1/2-1/2"]
[WhiteElo "2752"]
[BlackElo "2733"]
[Annotator "Rogozenco,D"]
[PlyCount "79"]
[EventDate "2010.06.14"]
[EventType "tourn"]
[EventRounds "10"]
[EventCountry "ROU"]
[EventCategory "20"]
[SourceTitle "CBM 137"]
[Source "ChessBase"]
[SourceDate "2010.07.15"]
[SourceVersion "1"]
[SourceVersionDate "2010.07.15"]
[SourceQuality "1"]

{The Chinese Grandmaster is still visibly tired after the long flight from
China, followed by a very tough game in the next round. So his choice of the
variation is not surprising.} 1. d4 Nf6 2. c4 e6 3. g3 d5 4. Bg2 Be7 5. Nf3 O-O
6. O-O dxc4 7. Qc2 a6 8. Qxc4 b5 9. Qc2 Bb7 10. Bd2 Be4 11. Qc1 Bb7 12. Qc2 Be4
13. Qc1 Bb7 14. Rd1 Qc8 15. Ba5 c5 16. dxc5 Qxc5 17. Qxc5 Bxc5 18. Nbd2 {
White's hopes for advantage in such type of endgames are connected with
Black's slightly weakened queenside pawn structure. For that purpose White
exchanges the light-squared bishops and tries to find a way to use the weak
light squares in Black's camp.} Rc8 19. Rac1 Nbd7 20. Ne5 Bxg2 21. Nxd7 Nxd7
22. Kxg2 Nf6 (22... Kf8 $2 {would be a blunder in view of} 23. Nb3 ({or} 23.
Ne4)) 23. Rc2 Be7 24. Rdc1 Rxc2 25. Rxc2 Kf8 {The control of the c-file
secures White at least a slight advantage and the question is whether he will
be able to use it in order to create a real pressure. In the game Wang Yue
failed to do it.} 26. f4 {Although this move was criticized by the Chinese
Grandmaster, it looks natural. White's plan is Kf3 and g4.} (26. Rc7 Ke8 {
brings White nothing, since Black already threatens 27...Bd8.}) ({Wang Yue
suggested} 26. a3 {instead, and only then f2-f4.}) 26... Nd5 27. Rc1 ({After} 
27. Kf3 {Black can choose which piece to place on b4. However, in both cases
White still keeps chances for advantage.} Bb4 ({or} 27... Nb4 28. Bxb4 Bxb4 29.
Ne4) 28. Nb3 $1 Bxa5 29. Nxa5 Nb4 30. Rc7 Nxa2 31. Nc6 {with activity for the
pawn.}) 27... Ke8 ({With the rook on c1} 27... Bb4 {is not the same any longer}
28. Bxb4+ Nxb4 29. a3 Nd5 30. Kf3) 28. Kf3 f5 29. e4 fxe4+ 30. Nxe4 Kd7 {
Now that Black covered all important squares on the c-file the position became
equal. White's slightly better pawn structure is not enough for advantage.} 31.
Nc3 Nf6 32. Ne4 Nd5 33. Nc3 Nf6 34. Rd1+ Ke8 35. Bc7 Rc8 36. Be5 Bf8 37. g4 Nd7
38. Bd6 {White seems to have managed to create some pressure, but the next two
precise moves from Ponomariov show that Black easily keeps the balance.} Be7 $1
39. Re1 Rc6 $1 ({Not} 39... Bxd6 40. Rxe6+ Be7 41. Nd5) 40. Bxe7 1/2-1/2

[Event "Bazna Kings 4th"]
[Site "Medias"]
[Date "2010.06.21"]
[Round "7"]
[White "Ponomariov, Ruslan"]
[Black "Wang, Yue"]
[Result "1/2-1/2"]
[WhiteElo "2733"]
[BlackElo "2752"]
[Annotator "Rogozenco,D"]
[PlyCount "126"]
[EventDate "2010.06.14"]
[EventType "tourn"]
[EventRounds "10"]
[EventCountry "ROU"]
[EventCategory "20"]
[SourceTitle "CBM 137"]
[Source "ChessBase"]
[SourceDate "2010.07.15"]
[SourceVersion "1"]
[SourceVersionDate "2010.07.15"]
[SourceQuality "1"]

1. d4 d5 2. c4 c6 3. Nc3 Nf6 4. e3 g6 5. Nf3 Bg7 6. Be2 O-O 7. O-O dxc4 8. Bxc4
Bg4 9. h3 Bxf3 10. Qxf3 Nbd7 11. Rd1 e5 12. d5 e4 13. Nxe4 Nxe4 14. Qxe4 Nb6
15. Rb1 Re8 16. Qc2 cxd5 17. Bb5 Re6 ({Black is trying to improve on the
previously played} 17... Rc8 18. Qb3 Re6 19. Be2 h5 20. Bf3 Rd6 21. Qd3 Rd7 22.
b3 d4 23. Bb2 dxe3 24. Qxe3 Bxb2 25. Rxd7 Qxd7 26. Rxb2 {with a similar
advantage as in the game.}) 18. Qb3 Qh4 19. Bd2 d4 20. Bf1 $1 {A strong
manoeuver. White protects pawn h3 and prepares g2-g3 followed by Bg2.} Rd8 21.
g3 Qe7 22. Bg2 Qe8 ({After} 22... d3 23. Bb4 Qd7 24. Bf1 {Black loses the
d-pawn.}) 23. exd4 Bxd4 24. Bc3 Bxc3 25. Rxd8 Qxd8 26. Qxc3 Qe7 27. Rd1 {
The position is more difficult for Black than it seems due to the superiority
of the bishop versus the knight.} h5 28. b3 ({Better is} 28. h4) 28... h4 29.
g4 Rd6 {A brave decision to sac a pawn in order to transfer the knight to the
kingside.} 30. Rxd6 Qxd6 31. Bxb7 Nd7 32. Qc8+ Kg7 33. Qd8 Qe6 34. Kg2 Ne5 35.
Qd4 {Ponomariov considered that White wins automatically. As a result he
misses completely the transfer of the knight to f4.} ({Of course White should
have taken the pawn} 35. Qxh4 {then after} Qd7 36. Be4 Qd4 37. f3 Qd2+ {
White has} 38. Qf2 {with an easy win.}) 35... Qf6 36. b4 g5 {Now the knight
comes to g6 and it is not simple anymore.} 37. a4 ({After} 37. Qxa7 Nd3 38. Qe3
Nf4+ ({Bad is} 38... Nxb4 39. a4 {which is probably just lost for Black.}) 39.
Kh1 Qd6 40. a3 Qd1+ 41. Kh2 Qd6 {Perhaps White can win by a very precise play,
but Black's counterplay is obvious.}) 37... Ng6 38. Qxf6+ Kxf6 39. b5 Nf4+ 40.
Kf3 Ke5 {Black is right in time to stop the pawns with the king. The position
is a draw.} 41. a5 Kd6 42. Ke4 Nxh3 43. Kf5 Nxf2 44. Bf3 Kc7 45. Kxg5 h3 46.
Kf6 h2 47. g5 h1=Q 48. Bxh1 Nxh1 49. Kxf7 Ng3 50. g6 Nh5 51. Ke7 Ng7 52. Kf6
Nh5+ 53. Kg5 Ng7 54. Kf6 Nh5+ 55. Kf7 Kd7 56. Kf8 Kc7 57. Kg8 Nf4 58. g7 Ne6
59. Kf7 Nxg7 60. Kxg7 Kd6 61. Kf6 Kc5 62. b6 axb6 63. axb6 Kxb6 1/2-1/2

[Event "Bazna Kings 4th"]
[Site "Medias"]
[Date "2010.06.25"]
[Round "10"]
[White "Nisipeanu, Liviu Dieter"]
[Black "Ponomariov, Ruslan"]
[Result "0-1"]
[WhiteElo "2672"]
[BlackElo "2733"]
[Annotator "Rogozenco,D"]
[PlyCount "46"]
[EventDate "2010.06.14"]
[EventType "tourn"]
[EventRounds "10"]
[EventCountry "ROU"]
[EventCategory "20"]
[SourceTitle "CBM 137"]
[Source "ChessBase"]
[SourceDate "2010.07.15"]
[SourceVersion "1"]
[SourceVersionDate "2010.07.15"]
[SourceQuality "1"]

1. e4 e5 2. Nf3 Nc6 3. Nc3 Nf6 4. Bb5 Bb4 5. O-O O-O {The solid Four Knights
Variation is considerably less popular than Ruy Lopez, but nevertheless many
strong Grandmasters played it at least few times in their practice. Some top
players, like for instance Ivanchuk or Shirov have the the Four Knights
Variation as a stable part of their opening repertoire. On the other hand
Nisipeanu has never played it before and must have counted on its surprising
effect. As we'll see, this turned out to be an unfortunate choice.} 6. d3 d6 7.
Bg5 Ne7 ({Much more popular is} 7... Bxc3 8. bxc3 Qe7) 8. Nh4 c6 9. Bc4 d5 {
Ponomariov showed a good preparation and made his moves quickly in the opening.
First of all this happened because he played himself this variation with the
white pieces and knew it well. Secondly, Carlsen and Radjabov played recently
few times the Four Knights Variation and Ponomariov must have repeated the
theory before the tournament.} 10. Bxf6 ({After} 10. Bb3 {Black plays} Qd6 {
protecting the knight f6 with the queen.}) ({Long time ago Ponomariov himself
played here} 10. exd5 Nfxd5 11. Ne4 f6 12. Bc1 {but Black is obviously doing
fine here too.}) 10... gxf6 11. Bb3 a5 $1 {An improvement over a game played
almost 100 years ago!} (11... Qd6 12. Qf3 Kh8 13. exd5 Bxc3 14. bxc3 cxd5 15.
c4 d4 16. c5 Qc6 {was unclear in the game Tarrasch,S-Yates,F/ Karlsbad 1923})
12. a3 ({Deserved attention} 12. a4) 12... Bxc3 13. bxc3 a4 14. Ba2 Ng6 15. Qh5
{An overambitious move.} ({It was time for White to think about equality and
continue something like} 15. Nxg6 hxg6 16. Qf3) 15... Kh8 16. Kh1 Rg8 {White
has serious problems with his queenside pawn structure and no attacking
prospects on the kingside. His position is worse, but now Nisipeanu makes a
tactical mistake.} 17. d4 $2 ({Necessary was} 17. g3 {and White is very much
in the game. Black is only slightly better.}) 17... f5 $1 {Missed by Nisipeanu.
The main reason for White's troubles is the bishop on a2, which often remains
completely out of the game (for instance Black can play b7-b5 sometimes).} 18.
Nxf5 (18. Nxg6+ fxg6 19. Qe2 fxe4 20. c4 exd4 21. cxd5 Re8 {is also awful for
White.}) 18... Nf4 19. Qh6 ({In case of} 19. Qf3 Bxf5 20. exf5 Rxg2 21. Rg1 {
Black has a beautiful mate:} Rxh2+ 22. Kxh2 Qh4+) 19... Rg6 20. Qh4 Bxf5 21.
Qxd8+ Rxd8 22. exf5 Rxg2 23. dxe5 Rdg8 ({White is completely lost. For
instance:} 23... Rdg8 24. Rg1 ({or} 24. c4 Nh3 {and mate on g1.}) 24... Rxg1+
25. Rxg1 Rxg1+ 26. Kxg1 Ne2+ 27. Kf1 Nxc3 {losing the bishop.}) 0-1